Central Library OPAC University of Rajshahi

Students real property / (Record no. 20310)

MARC details
000 -LEADER
fixed length control field 00582nam a22002177a 4500
001 - CONTROL NUMBER
control field 20310
003 - CONTROL NUMBER IDENTIFIER
rucl marc code BD-RjUL
005 - DATE AND TIME OF LATEST TRANSACTION
control field 20211209000540.0
008 - FIXED-LENGTH DATA ELEMENTS--GENERAL INFORMATION
fixed length control field 140227s1950 ii 000 0 eng d
035 ## - SYSTEM CONTROL NUMBER
System control number (BD-RjUL)20372
040 ## - CATALOGING SOURCE
Original cataloging agency BD-RjUL
Language of cataloging eng
Transcribing agency BD-RjUL
041 ## - LANGUAGE CODE
Language code of text/sound track or separate title eng
082 ## - DEWEY DECIMAL CLASSIFICATION NUMBER
Classification number 346.04
Edition number DAS 1950
100 1# - MAIN ENTRY--PERSONAL NAME
Personal name Datta-Gupta, Amulya Kumar.
9 (RLIN) 62602
245 ## - TITLE STATEMENT
Title Students real property /
Statement of responsibility, etc. Amulya Kumar Datta-Gupta.
250 ## - EDITION STATEMENT
Edition statement 3drved.
260 ## - PUBLICATION, DISTRIBUTION, ETC. (IMPRINT)
Place of publication, distribution, etc. Calcutta :
Name of publisher, distributor, etc. Eastern Law,
Date of publication, distribution, etc. 1950.
300 ## - PHYSICAL DESCRIPTION
Pagination 135 p. ;
Size 18 cm.
650 #0 - SUBJECT ADDED ENTRY--TOPICAL TERM
Topical term or geographic name as entry element Real property.
9 (RLIN) 62603
942 ## - ADDED ENTRY ELEMENTS (KOHA)
Source of classification or shelving scheme Dewey Decimal Classification
Koha item type Books
Holdings
Lost status Source of classification or shelving scheme Damaged status Not for loan Collection code Permanent Location Current Location Shelving location Date acquired Source of acquisition Cost, normal purchase price Total Checkouts Full call number Date last seen Copy number Koha item type
  Dewey Decimal Classification     Non-fiction Central Library, University of Rajshahi Central Library, University of Rajshahi Reading Room 02/03/1955 U. B. D. 7.00   346.04 DAS 1950 27/02/2014 C-1 Books